Quizzes
Events
Quiz Creation
Community
Videos
Private Events
Remove Ads
Sign In
Join for FREE
Feedback
Dark Mode
Quiz Categories
Sports
Geography
Music
Movies
Television
Just For Fun
Miscellaneous
History
Literature
Language
Science
Gaming
Entertainment
Religion
Holiday
For Kids
Quiz Lab
Recent
Popular Today
Quiz Kudos Today
Editor Picks
Curator Picks
Quizzes by...
Day
Popularity
Type
Ratings
Length
Year
Community
Subscriptions
Recent Discussions
Orange Saloon
Badges
Playlists
Quests
Create
Leaderboards
Showdown
Live 5
Trivia Bingo
Activity
Puzzle Library
Sporcle Events
Private Events
Virtual Trivia
Globe League
Become a Host
Pub Owners
SporcleCon
Opinionation
Our Games
Videos
Blog
Mobile Apps
Partnerships
Remove Ads and Go Orange
Feedback
Movies
Disney
Marvel Cinematic Universe
Movie Resume
Movie Titles
Oscar
Actor
Actress
Director
Pixar
Role
Movie Quotes
Movie Characters
Box Office
Nominee
Best Picture
Star Wars
James Bond
Horror Movies
Movies
Disney
Marvel Cinematic Universe
Movie Resume
Movie Titles
Oscar
Actor
Actress
Director
Pixar
Role
Movie Quotes
Movie Characters
Box Office
Nominee
Best Picture
Star Wars
James Bond
Horror Movies
Random Quiz
Search Sporcle
×
Quiz Lab
Quiz Lab
Movies
Follow That Line
Select answers by clicking on text or image buttons
Select answers by clicking on text or image buttons
Clickable
Best Score? Go Orange.
Follow That Line: The Mummy Stats
Can you pick the Follow That Line: The Mummy
By
kasey1756
10m
45 Questions
1,786 Plays
1,786 Plays
1,786 Plays
Comments
Comments
Give Quiz Kudos
Give Quiz Kudos
-
- Ratings
hide this ad
Forced Order
Answers have to be entered in order
Answers have to be entered in order
Random Order
Randomize order of answers
Randomize order of answers
Replay
Link that replays current quiz
Next Quiz
Link to next quiz in quiz playlist
You Got
0%
They Got
Avg Score
61%
Avg Friend Score
Upgrade to see
Score Distribution
Jump to the score distribution portion of the page
Score
0/45
Timer
10:00
0
Plays Today
% Correct
Hey, Beni! Looks to me like you're on the wrong side of the river!
82%
...juicy
82%
According to you and my brother it's called 'borrowing.'
81.8%
I don't know. I was about to be hanged. It seemed like a good idea at the time.
81.7%
You dream about dead guys?
79.3%
Trust me. It calls for it.
78.9%
None taken
76.8%
I only gamble with my life, never my money.
76.2%
Oh, that's comforting.
75.3%
I know my treasure.
75.3%
Something like that, yeah
74.4%
Someday I might.
73.7%
No, no, I've just got one of those faces
72.7%
Not right now it isn't.
71.9%
Oh, like I've never heard *that* before.
69.3%
For all eternity, idiot.
67.8%
I may have use for you. And the rewards will be great.
67.4%
Yes. Awfully tempting, wasn't it?
67.2%
Every Damn Day!
65.7%
They do?
65.3%
Rescue the damsel in distress, kill the bad guy, save the world.
65.1%
It was beautiful. Bastard.
64.8%
Yahmar, of course you don't let him go!
64.3%
% Correct
Anyone I know?
62.9%
You better think of something fast, because, if he turns me into a mummy you're the first one I'm coming after.
62.4%
Bad luck old mum.
60.3%
No problem
59.1%
Yeah? Well,... I'm sure she's not a total loss.
58.2%
Yes, well that just makes you more gullible.
56.1%
There goes that 'we' again
50.7%
Now!
50.3%
Right?
50.1%
Yes!
50%
Did you ever see him eat?
49.7%
You always did have more balls than brains.
48.9%
After what I just saw, I'm willing to go on a little faith here.
45.7%
I don't want to tell you. You'll just hurt me some more.
45.3%
Oh, your strength gives me strength.
44.6%
... That happens a lot around here.
43.8%
Wait here. I'll go get help.
42.5%
Do you know where I can steal some?
41.6%
Well, everybody else we've bumped into has died. Why not you?
41.5%
Oh come on, I don't know...
38%
Shut up!
37.7%
Sorry, he's a bit... tall.
37.6%
Quiz Playlist
Details
Report
Send in Message
Add To Playlist
Clickable:
Select answers by clicking on text or image buttons
Forced Order:
Answers have to be entered in order
Random Order:
Randomize order of answers
Last Updated: Feb 16, 2017
Quiz Scoreboard
CHALLENGE
Sign Up to Join the Scoreboard
Show All
Scores
Hide
Comments
May contain spoilers
Recently Published
Billboard Blitz: Fleetwood Mac
by CooCooCachoo
Music
15s
Presidents Visiting Landmarks
by Hejman
History
7m
An Introduction to Baseball
by treessimontrees
Sports
5m
More to Explore
Quiz From the Vault
Featured Blog Post
Where Did the Easter Bunny Come From?
hide this ad
You Might Also Like...
Tags
Follow That Line Quiz
Movie Quotes Quiz
Today's Top Quizzes in Movies
Browse Movies
hide this ad
Today's Top Quizzes in Follow That Line
Browse Follow That Line
Top Contributed Quizzes in Movies
1
Pick 5 Posters: Directed by Spielberg
2
7-to-1: Pixar Characters
3
Pick 5 Posters: Lowest-Rated Spielberg
4
Sorting Actors
5
Pick 5 Posters: Directed by Scorsese
6
Sorting Actresses
7
Pick 5 Posters: Star & Director
8
Pick 5 Posters: Women Directed 2020s
9
12 Movies about Fictional 1960s Events
10
Multi-Oscar Nominations, One Movie, One Winner
Explore More
Trending Topics
Crossword
Anime
NBA
Kpop
Marvel
Harry Potter
Disney
The Office
Puzzle
Soccer
Song
Pokémon
Country
NFL
WWE
hide this ad
More By:
kasey1756
Quiz
Plays
Rating
Category
Featured
Created
Felicity Smoak (Arrow)
2,389
4.91
Television
Nov 16, 2014
Follow That Line: The Mummy Returns
2,138
3.00
Movies
Feb 22, 2014
Follow That Line: The Mummy
1,786
4.60
Movies
Feb 22, 2014
Go to Creator's Profile
Score Distribution
Quiz Creator Spotlight
kasey1756
Follow
Send a Message
Quizzes Created
-
Created Quiz Play Count
-
More By This Creator
Popular Quizzes Today
1
Find the US States - No Outlines Minefield
2
Find the Countries of Europe - No Outlines Minefield
3
The Countries of the World
4
Find the US States
5
US States
6
Popular People in 1961
7
Risky Map Clicking: Biggest States A-Z
8
Movies - When Are They Set?
More Movies Quizzes
20 Best Slasher Movies of All Time
Quiz Lab
Trending Quizzes
Risky Map Clicking: Least Populous States A-Z
1-10 Letter G Words
1-10 Letter F Words
Risky Map Clicking: Next State Alphabetically
Risky Map Clicking: Biggest States A-Z
Recently Updated
Leaping Animals
pecheneg
Reality TV Shows (A-Z)
bhenderson79
Rickey Henderson's Hall of Fame Teammates
pecheneg
Champions League XIs: Arsenal
pecheneg
Quick Pick: Celebrities in WWE's Hall of Fame
aduchscher
A-Z Keypad Blitz II
pecheneg
Multiple Oscar Actors
pecheneg
Mystery Phrase Blitz: Oscar 'Best Actors'
pecheneg
F. Scott Fitzgerald Novels
LTH
Pick 3 Villains
ddd62291
Trending Topics
Marvel
Disney
NBA
Harry Potter
Kpop
Crossword
Anime
WWE
Soccer
Puzzle
Song
Country
Pokémon
The Office
NFL
Your Account Isn't Verified!
In order to create a playlist on Sporcle, you need to verify the email address you used during registration. Go to your
Sporcle Settings
to finish the process.
Report this User
Report this user for behavior that violates our
Community Guidelines
.
Details:
Send Report
Go to the Sporcle.com Mobile Site →
Comments